=LDR 00000nam 2200000 4500 =001 INLIS000000000023766 =005 20130612122409 =008 ***********************************Ind** =035 ##$$0010-061300000023766 =041 ##$$a Ind =082 ##$$a 028.5 =090 ##$$a 028.5, Wal a =100 ##$$a Waluyo, Sugeng =245 ##$$a Ayo terus sekolah, Resep pilihan, Sugeng Waluyo =260 ##$$a 2000 $b Surabaya =300 ##$$a 75 hlm, ilus, 21 cm =650 ##$$a Pendidikan =850 ##$$a NBPNMAT